01158nam a2200349 a 4500001000800000003000500008005001700013007000300030008004100033010001100074020001800085040001800103050002000121082002300141100003000164240006800194245012500262250001700387264003100404300003500435336002700470337002700497338002800524504003800552650002900590650003700619650002000656650002900676651003800705651003300743700003200776dia_345CHAP20231109180817.0ta220117s1984 mx a fr 001 0 spa d a170897 a968-24-1492-X cCHAPamxchpua1 aHN59b.L55 1984 a003 bL55 19842201 aLilienfeld, Roberteautor14aThe rise of systems theory. An ideological analysis.lEspañol10aTeoría de sistemas : borígenes y aplicaciones en ciencias sociales /cRobert Lilienfeld ; traductor Eduardo Cosacov a1a edición aMéxico :bTrillas,c1984 a342 páginas :bilustraciones 2rdacontentatextobtxt 2rdamediaasin mediobn 2rdacarrieravolumenbnc aBibliografía: páginas 341-34210aAnálisis de sistemas 10aTeoría de sistemasxHistoria 10aSystem analysis10aSystem theoryxHistory 10aEstados UnidosxPolítica social10aUnited StatesxSocial policy1 aCosacov, Eduardoetraductor